=LDR 00000nam 2200000 4500 =001 INLIS000000000062048 =005 20230418012844 =035 ##$$a 0010-0423000014 =007 ta =008 230418###########################0#ind## =020 ##$$a 979-3714-45-x =082 ##$$a F Rom K =084 ##$$a F Rom K TRI t =100 #$$a Triana, Ety =245 1#$$a Teka-teki Sphinx /$c Ety Triana =260 ##$$a Bandung :$b Beranda Hikmah,$c 2005 =300 ##$$a vi,66 hlm : $b Ilus ; $c 14x21 cm. =990 ##$$a 09890989 =990 ##$$a 20605949